000 00768cam a22002657a 4500
003 CHAP
005 20220329135251.0
008 971013s1961 r 00010 d
010 _a33525
011 _a34497
035 _a38613
040 _cCHAP
082 _a595.44
_bE54
100 0 0 _aEmerton, James H.
_936513
245 1 4 _aThe common spiders of the United States
260 _aNew York :
_bDover Publications,
_c1961
300 _a227 p.
_b: ilus.
590 _aBATCH-UPD
_b10
_c20130110
_lUCH01
_h2119
590 _aBATCH-UPD
_b10
_c20130409
_lUCH01
_h1858
590 _aCONVERSION
_b10
_c20130109
_lUCH01
_h1319
650 1 4 _aAranas
_xE.U.A.
_96525
901 _aBK
942 _cLIBRO
949 _a595.44 E54
_bBC
_cLIBRO
_d33724000371373
_eLIBRO
_h29141
_i38613
_si
999 _c33525
_d33525